Das verjüngte, (Record no. 37418)

MARC details
000 -LEADER
fixed length control field 00511cam a22001697 4500
001 - CONTROL NUMBER
control field ltf90036198
003 - CONTROL NUMBER IDENTIFIER
control field DLC
005 - DATE AND TIME OF LATEST TRANSACTION
control field 20260227111551.0
008 - FIXED-LENGTH DATA ELEMENTS--GENERAL INFORMATION
fixed length control field 901212s1848 gw 000 0 ger
010 ## - LIBRARY OF CONGRESS CONTROL NUMBER
LC control number ltf90036198
040 ## - CATALOGING SOURCE
Original cataloging agency DLC
Transcribing agency DLC
Modifying agency DLC
050 00 - LIBRARY OF CONGRESS CALL NUMBER
Classification number 4DD 2487
100 1# - MAIN ENTRY--PERSONAL NAME
Personal name Arndt, Ernst Moritz,
Dates associated with a name 1769-1860.
245 14 - TITLE STATEMENT
Title Das verjüngte,
Remainder of title oder vielmehr das zu verjüngende Deutschland; ein Büchlein für den lieben Bürgers- und Bauers-Mann.
260 ## - PUBLICATION, DISTRIBUTION, ETC.
Place of publication, distribution, etc. Bonn,
Name of publisher, distributor, etc. A. Marcus,
Date of publication, distribution, etc. 1848.
300 ## - PHYSICAL DESCRIPTION
Extent 59 p.

No items available.

Powered by Koha